000 00355nam a22001217a 4500
082 _a530
100 _aJha ,Sanjeev Kumar
_982580
245 _aErrorless 37 MEET UG chapter wise and topic wise PHYSICS solved papers (2024-1988) with value added notes
250 _a19th
260 _aNew Delhi
_DDisha Publication
_c2024
650 _aPhysics
942 _cBK
999 _c67214
_d67214